| 000 | 00980nmm a2200313 a 4500 | ||
|---|---|---|---|
| 001 | ocm000891443 | ||
| 003 | TR-IsHL | ||
| 005 | 20201028144556.0 | ||
| 008 | 141121s2014 tu tur | ||
| 007 | cr cn | ||
| 020 | _a9786055011383 | ||
| 035 |
_a891443 _b(N$T) |
||
| 050 | 0 | 4 |
_aBF723.P4 _bS46 2014 |
| 090 | 0 | 4 |
_aBF723.P4 _bS46 2014 |
| 100 | 1 | _aLaçinel, Ayşin | |
| 245 | 1 | 0 |
_aSen kimsin? _h[electronic resource] / _cAyşin Laçinel |
| 260 |
_aİstanbul : _bYediveren Yayınları, _c2014 |
||
| 300 | _a193 p. | ||
| 650 | 4 | _aFelsefe, Psikoloji ve Din | |
| 650 | 4 | _aPhilosophy, Psychology and Religion | |
| 650 | 0 | _aKişisel gelişim | |
| 650 | 0 | _aPersonality development | |
| 650 | 0 | _aPsikoloji | |
| 650 | 0 | _aPsychology | |
| 650 | 0 | _aUygulamalı psikoloji | |
| 650 | 0 | _aApplied psychology | |
| 650 | 7 |
_aSELF-HELP / Personal Growth / Success _2bisacsh |
|
| 856 | 4 | 0 | _uhttp://search.ebscohost.com/login.aspx?direct=true&scope=site&db=e011xww&AN=891443 |
| 999 |
_c9496 _d9496 |
||